UBT Library

Civil procedure, cases and materials / (Record no. 41425)

000 -LEADER
fixed length control field 00612cam a2200217 a 4500
001 - CONTROL NUMBER
control field 3622432
005 - DATE AND TIME OF LATEST TRANSACTION
control field 20180201031250.0
008 - FIXED-LENGTH DATA ELEMENTS--GENERAL INFORMATION
fixed length control field 740709s1974 mnu b 001 0 eng
010 ## - LIBRARY OF CONGRESS CONTROL NUMBER
LC control number 74002000
040 ## - CATALOGING SOURCE
Original cataloging agency DLC
Transcribing agency DLC
Modifying agency DLC
041 ## - LANGUAGE CODE
Language code of text/sound track or separate title eng
043 ## - GEOGRAPHIC AREA CODE
Geographic area code n-us---
080 ## - UNIVERSAL DECIMAL CLASSIFICATION NUMBER
Universal Decimal Classification number 347.735 joh
082 00 - DEWEY DECIMAL CLASSIFICATION NUMBER
Classification number 347.735 joh
-- 347.3075
Edition number 19
100 1# - Rafti
Rafti 15
101 ## - Shkurtesa
Shkurtesa law
245 10 - TITLE STATEMENT
Title Civil procedure, cases and materials /
Statement of responsibility, etc by John J. Cound, Jack H. Friedenthal, Arthur R. Miller.
504 ## - BIBLIOGRAPHY, ETC. NOTE
Bibliography, etc Bibliography: p. xlv-lxiv.
906 ## - LOCAL DATA ELEMENT F, LDF (RLIN)
a 7
b cbc
c orignew
d 2
e ocip
f 19
g y-gencatlg
942 ## - ADDED ENTRY ELEMENTS (KOHA)
Source of classification or shelving scheme
Item type Books
Holdings
Withdrawn status Lost status Source of classification or shelving scheme Damaged status Not for loan Collection code Permanent location Current location Shelving location Date acquired Total Checkouts Full call number Barcode Date last seen Price effective from Koha item type
          Koleksioni i përgjithshem UBT - Lipjan UBT - Lipjan Koleksioni i përgjithshem 02/01/2018   347.735 joh 002-2997799 02/01/2018 02/01/2018 Books
UBT Library © 2015-2024. All rights reserved University Education for Business and Technology